000 00725nam a2200229Ia 4500
001 15963
003 GE_BSU
008 181216s||||||||xx |||||||||||||| ||und||
040 _cGE_BSU
080 _a821.353.1-32
100 _aხერგიანი, მირონ
245 _aთეთრი სახურავები
245 _bმოთხრობა
245 _cრედ.მ.ახვლედიანი. მხ.ი.ქლიბაძე
260 _aთბილისი
260 _bნაკადული
260 _c1967
300 _a107გვ. ; 16სმ. ილ.
653 _aთეთრი სახურავები
653 _aმოთხრობა
942 _cBK
999 _c49057
_d49057